| 000 | 00837nam a2200229 a 4500 | ||
|---|---|---|---|
| 005 | 20240911064723.0 | ||
| 008 | 070814s2000 mx r 000 0 spa d | ||
| 020 | _a8476585810 | ||
| 035 | _aUPN01000150872 | ||
| 049 | _aCG | ||
| 050 | 4 |
_aHM1206 _bL8.7 |
|
| 100 | 1 |
_aLuhmann, Niklas, _d1927-1998 |
|
| 245 | 1 | 3 |
_aLa realidad de los medios de masas / _cNiklas Luhmann ; tr. y pról. de Javier Torres Nafarrate. |
| 260 |
_aBarcelona, Esp. : _bAnthropos : _bUniversidad Iberoamericana, _cc2000. |
||
| 300 | _axxiv, 179 p. | ||
| 440 | 0 |
_aBiblioteca A. _v40. _pSociedad |
|
| 534 |
_pTraducción de: _tDie realität der massen medien |
||
| 650 | 2 |
_aMedios masivos de comunicación _xAspectos sociales _95452 |
|
| 650 | 4 |
_aMEDIOS MASIVOS DE COMUNICACION - _xAUDIENCIA |
|
| 650 | 7 |
_aComunicación _xAspectos sociales _2 _96056 |
|
| 905 | _aLibro | ||
| 999 |
_c123012 _d123012 |
||